Economic and social assistance to Vietnam 1970.

में बचाया:
ग्रंथसूची विवरण
स्वरूप: Sách giấy
भाषा:English
प्रकाशित: [S.l.] : [s.n.], [1970]
टैग : टैग जोड़ें
कोई टैग नहीं, इस रिकॉर्ड को टैग करने वाले पहले व्यक्ति बनें!
Thư viện lưu trữ: Thư viện Trường Đại học Đà Lạt
LEADER 00611nam a2200277 4500
001 DLU180187553
005 ##20181003
040 # # |a DLU  |b eng 
041 # # |a eng 
044 # # |a us 
082 # # |a 338.959 7  |b Eco 
245 # # |a Economic and social assistance to Vietnam 1970. 
260 # # |a [S.l.] :  |b [s.n.],  |c [1970] 
300 # # |a 76 p. :  |b illus ;  |c 27 cm. 
923 # # |a 100/2010 
991 # # |a SH 
992 # # |a 0 
993 # # |a 1970 
994 # # |a DLU 
900 # # |a True 
911 # # |a Nguyễn Thanh Hương 
925 # # |a G 
926 # # |a A 
927 # # |a SH 
980 # # |a Thư viện Trường Đại học Đà Lạt